[Event "World Blitz 2023"]
[Site "Samarkand UZB"]
[Date "2023.12.30"]
[Round "15.51"]
[White "Sapenov, Daniyal"]
[Black "Henriquez Villagra, Cristobal"]
[Result "0-1"]
[WhiteElo "2289"]
[BlackElo "2568"]
[EventDate "2023.12.29"]

1. e4 c6 2. d4 d5 3. e5 c5 4. dxc5 e6 5. a3 Bxc5 6. Nf3 a6 7. b4 Ba7 8. Bd3
Ne7 9. O-O Ng6 10. Re1 Nc6 11. Bb2 O-O 12. Nbd2 Qb6 13. Rf1 Nf4 14. Nb3 Qd8
15. Nbd4 Nxd3 16. Qxd3 Bd7 17. Rfe1 Rc8 18. Nxc6 Bxc6 19. Bd4 Bb5 20. Qd2
Bxd4 21. Nxd4 Rc4 22. Re3 Qg5 23. c3 Rfc8 24. a4 Bd7 25. Qe1 a5 26. bxa5
Rxa4 27. Rxa4 Bxa4 28. h3 h6 29. Qb1 Qe7 30. Rg3 Be8 31. Qb6 Rc4 32. a6
bxa6 33. Qxa6 Ra4 34. Qd3 Ra1+ 35. Kh2 Qh4 36. Rg4 Qxf2 37. Qf3 Qg1+ 38.
Kg3 Qe1+ 39. Kh2 Qxe5+ 40. Rg3 h5 41. h4 Qe1 42. Rh3 Qg1+ 43. Kg3 Qe1+ 44.
Kh2 f6 45. Qd3 Qg1+ 46. Kg3 Qe1+ 47. Kh2 Bf7 48. Nf3 Qe4 49. Qb5 Qf4+ 50.
Rg3 Rh1+ 51. Kxh1 Qxg3 52. Qc6 e5 53. Kg1 Qf4 54. Qc8+ Kh7 55. Qc7 Bg6 56.
Qd7 Be4 57. Nh2 Qe3+ 58. Kf1 Bd3# 0-1

[Event "World Blitz 2023"]
[Site "Samarkand UZB"]
[Date "2023.12.30"]
[Round "15.52"]
[White "Savchenko, Boris"]
[Black "Nigmatov, Ortik"]
[Result "0-1"]
[WhiteElo "2513"]
[BlackElo "2382"]
[EventDate "2023.12.29"]

1. e4 e5 2. Nf3 Nc6 3. Bc4 Nf6 4. d3 Be7 5. Nc3 O-O 6. h3 d6 7. d4 exd4 8.
Nxd4 Re8 9. O-O Nxd4 10. Qxd4 h6 11. b3 c6 12. Bb2 b5 13. Bd3 Qb6 14. Ne2
c5 15. Qe3 Bb7 16. Qg3 Nh5 17. Qf3 Bf6 18. c3 Re5 19. g4 d5 20. Qg2 dxe4
21. Bc2 e3 22. f3 c4 23. Kh1 Bh4 24. gxh5 Rg5 25. Qh2 Bf2 26. Qf4 Qe6 27.
Kh2 Bc8 28. Qg4 Rxg4 29. hxg4 Bb7 30. Bf5 Qd6+ 31. Kh3 Qd2 0-1

[Event "World Blitz 2023"]
[Site "Samarkand UZB"]
[Date "2023.12.30"]
[Round "15.53"]
[White "Khusnutdinov, Rustam"]
[Black "Fayzullaev, Akmal"]
[Result "0-1"]
[WhiteElo "2499"]
[BlackElo "2342"]
[EventDate "2023.12.29"]

1. Nc3 Nf6 2. e4 d6 3. d4 g6 4. g3 Bg7 5. Bg2 O-O 6. Nge2 e5 7. h3 exd4 8.
Nxd4 Re8 9. O-O Nbd7 10. Re1 a6 11. Bf4 Ne5 12. Qc1 c5 13. Nde2 b5 14. Bg5
Bb7 15. Nf4 h6 16. Bxf6 Qxf6 17. Ncd5 Qd8 18. Rd1 Nc4 19. c3 Nb6 20. Qd2
Nc4 21. Qc2 Be5 22. b3 Nb6 23. Nxb6 Qxb6 24. Nd5 Bxd5 25. Rxd5 b4 26. Rad1
bxc3 27. Bf1 Kg7 28. Bc4 Bd4 29. Kg2 Re5 30. Qd3 a5 31. Qf3 Rxd5 32. Bxd5
Ra7 33. Rc1 Qb4 34. a4 Re7 35. Qd3 Qa3 36. Rc2 Qa1 37. h4 h5 38. Re2 Be5
39. Qf3 Qd1 40. Qe3 c2 41. Re1 Bb2 0-1

[Event "World Blitz 2023"]
[Site "Samarkand UZB"]
[Date "2023.12.30"]
[Round "15.54"]
[White "Kezin, Roman"]
[Black "Shogdzhiev, Roman"]
[Result "1-0"]
[WhiteElo "2492"]
[BlackElo "2117"]
[EventDate "2023.12.29"]

1. d4 d5 2. c4 c6 3. Nf3 Nf6 4. g3 g6 5. Bg2 Bg7 6. O-O dxc4 7. Nc3 O-O 8.
e4 Bg4 9. h3 Bxf3 10. Bxf3 e6 11. e5 Nd5 12. Ne4 Qc7 13. h4 Nd7 14. b3 cxb3
15. axb3 c5 16. Ba3 Rfd8 17. Rc1 b6 18. Nd6 Qb8 19. Bxd5 exd5 20. Qf3 Rf8
21. Qxd5 cxd4 22. Nxf7 Rxf7 23. e6 Rf5 24. Qxd7 Qe8 25. Rfe1 Rd8 26. Qxa7
Re5 27. Rxe5 Bxe5 28. Qxb6 d3 29. Rd1 d2 30. e7 Rd3 31. Qe6+ Kh8 32. Qxe5+
Kg8 33. Bb2 Rd7 34. Qg7# 1-0

[Event "World Blitz 2023"]
[Site "Samarkand UZB"]
[Date "2023.12.30"]
[Round "15.55"]
[White "Kosakowski, Jakub"]
[Black "Markov, Mikhail"]
[Result "1-0"]
[WhiteElo "2485"]
[BlackElo "2255"]
[EventDate "2023.12.29"]

1. e4 c5 2. Nf3 e6 3. d4 cxd4 4. Nxd4 Nf6 5. Nc3 Nc6 6. Nxc6 bxc6 7. e5 Nd5
8. Ne4 Qc7 9. f4 Qb6 10. c4 Ne3 11. Qd3 Bb4+ 12. Bd2 Ba6 13. Bxb4 Qxb4+ 14.
Kf2 Nxf1 15. Rhxf1 O-O 16. b3 f6 17. exf6 gxf6 18. Qxd7 Kh8 19. Rad1 Rae8
20. Qxa7 Ra8 21. Qc5 Qxc5+ 22. Nxc5 Bc8 23. a4 Rb8 24. Ke3 Kg7 25. Rd6 Rb6
26. Rfd1 Rb8 27. Rxc6 e5 28. fxe5 fxe5 29. Rc7+ Kh8 30. Rd6 Bg4 31. h3 Bh5
32. Rb7 Rbe8 33. a5 Rf1 34. Rbd7 Re1+ 35. Kd2 Re2+ 36. Kc3 Rxg2 37. Rd8
Rgg8 38. Rxe8 Rxe8 39. Re6 Ra8 40. Rxe5 Bg6 41. a6 Kg7 42. b4 Kf6 43. Re6+
Kf5 44. b5 Bf7 45. Re7 Kf6 46. Rc7 Bg6 47. a7 Bf5 48. b6 1-0

[Event "World Blitz 2023"]
[Site "Samarkand UZB"]
[Date "2023.12.30"]
[Round "15.56"]
[White "Xie, Felix"]
[Black "Vetokhin, Savva"]
[Result "0-1"]
[WhiteElo "2107"]
[BlackElo "2483"]
[EventDate "2023.12.29"]

1. e4 c5 2. Nf3 d6 3. Bb5+ Nd7 4. Ba4 Nf6 5. O-O e6 6. Re1 a6 7. c3 Be7 8.
d4 b5 9. Bc2 Bb7 10. Nbd2 O-O 11. Nf1 Re8 12. h3 Rc8 13. Ng3 Rc7 14. Bf4
cxd4 15. cxd4 Qa8 16. Qe2 Rec8 17. Bd3 Nf8 18. Bd2 Ng6 19. Qe3 Bf8 20. Ba5
Rc6 21. Rac1 Rxc1 22. Rxc1 Rxc1+ 23. Qxc1 Nxe4 24. Nxe4 Bxe4 25. Bxe4 Qxe4
26. Qc8 Qb1+ 27. Kh2 Qxb2 28. Bc7 Qa3 29. Qe8 h6 30. h4 Nf4 31. Bd8 Nd5 32.
h5 Qxa2 33. Qd7 b4 34. Qb7 b3 35. Nh4 Qxf2 36. Qxb3 Qxd4 37. Qg3 Qf4 38.
Qxf4 Nxf4 39. g4 d5 40. Nf3 Bd6 41. Kg1 e5 42. Kf2 e4 43. Nd4 Bc5 44. Ke3
Ne6 0-1

[Event "World Blitz 2023"]
[Site "Samarkand UZB"]
[Date "2023.12.30"]
[Round "15.57"]
[White "O`gorman, Tom"]
[Black "Isanzhulov, Arystan"]
[Result "0-1"]
[WhiteElo "2288"]
[BlackElo "2431"]
[EventDate "2023.12.29"]

1. e4 c6 2. Nf3 d5 3. d3 Qc7 4. Be2 e5 5. O-O Nf6 6. Nbd2 Bd6 7. Re1 O-O 8.
Bf1 Re8 9. b3 Bg4 10. Bb2 Nbd7 11. h3 Bh5 12. Be2 a5 13. a4 Bg6 14. Bf1
Rad8 15. Nh4 Bb4 16. Nxg6 hxg6 17. c3 Bf8 18. Qc2 Qb6 19. Nf3 Nc5 20. exd5
Nxd5 21. d4 Qxb3 22. Qxb3 Nxb3 23. Rab1 e4 24. Ne5 Nd2 25. Rbd1 Nxf1 26.
Kxf1 Bd6 27. Rxe4 f6 28. c4 Nb4 29. f4 fxe5 30. fxe5 Bxe5 31. Rde1 Rf8+ 32.
Kg1 Bg3 33. Rd1 Rf4 34. Re7 Rf7 35. Re4 Na6 36. Rg4 Bf2+ 37. Kh1 Nc5 38.
Bc3 b6 39. Rxg6 Nxa4 40. Ba1 Rf6 41. Rg4 Nc5 42. Rf1 Nb3 43. d5 Nxa1 44.
Rxa1 cxd5 0-1

[Event "World Blitz 2023"]
[Site "Samarkand UZB"]
[Date "2023.12.30"]
[Round "15.58"]
[White "Ansat, Aldiyar"]
[Black "Kakabayev, Mergen"]
[Result "1-0"]
[WhiteElo "2404"]
[BlackElo "2255"]
[EventDate "2023.12.29"]

1. e4 e6 2. d4 d5 3. Nc3 Nf6 4. Bg5 Bb4 5. e5 h6 6. Bc1 Ne4 7. Qg4 g6 8. a3
Bxc3+ 9. bxc3 c5 10. Bd3 cxd4 11. Ne2 Nc6 12. Bxe4 dxe4 13. Qxe4 dxc3 14.
O-O Qd5 15. Nxc3 Qxe4 16. Nxe4 b6 17. Rd1 Kf8 18. Rd6 Na5 19. Rd8+ Kg7 20.
Rxh8 Kxh8 21. Bxh6 Bd7 22. Rd1 Bc6 23. Ng5 Kg8 24. Rd4 Rc8 25. h4 Bd5 26.
Ne4 Bxe4 27. Rxe4 Rxc2 28. Bg5 Rc4 29. Re3 Rd4 30. Bf6 Nc4 31. Rh3 Rd1+ 1-0

[Event "World Blitz 2023"]
[Site "Samarkand UZB"]
[Date "2023.12.30"]
[Round "15.59"]
[White "Botiraliev, Abdumajid"]
[Black "Gallego Alcaraz, Andres Felipe"]
[Result "0-1"]
[WhiteElo "1515"]
[BlackElo "2384"]
[EventDate "2023.12.29"]

1. e4 c5 2. Nf3 Nc6 3. d4 cxd4 4. Nxd4 Nf6 5. Nc3 d6 6. f3 e5 7. Nb3 Be7 8.
Be3 O-O 9. Qd2 a5 10. Bb5 Be6 11. O-O-O Na7 12. Bxa7 Rxa7 13. Kb1 Qb6 14.
a4 Rd8 15. g4 d5 16. g5 dxe4 17. gxf6 Rxd2 18. fxe7 Rxd1+ 19. Rxd1 Ra8 20.
Nxe4 Qc7 21. e8=Q+ Rxe8 22. Bxe8 h6 23. Bb5 Kh7 24. Nbc5 Bf5 25. Nd3 f6 26.
Ng3 Bg6 27. Rf1 Qd8 28. f4 e4 29. f5 Bf7 30. Nxe4 Qd5 31. Nc3 Qg2 32. Nf4
Qxh2 33. Nd1 Qg3 34. Bd3 Be8 35. Ng6 Bxa4 36. Nc3 Bc6 37. Ne4 Qe3 38. Nc3
a4 39. Nd1 Qd2 40. Nc3 a3 41. Ne4 Bxe4 42. Bxe4 Qb4 43. c3 0-1

[Event "World Blitz 2023"]
[Site "Samarkand UZB"]
[Date "2023.12.30"]
[Round "15.60"]
[White "Drazic, Sinisa"]
[Black "Sattarov, Bobir"]
[Result "0-1"]
[WhiteElo "2276"]
[BlackElo "2351"]
[EventDate "2023.12.29"]

1. d4 g6 2. h4 c5 3. dxc5 Nf6 4. Nc3 Qa5 5. f3 Qxc5 6. e4 Nc6 7. Qe2 Bg7 8.
Be3 Qa5 9. O-O-O d6 10. Kb1 Be6 11. Qd2 Rc8 12. Nge2 O-O 13. Nd5 Nxd5 14.
Qxa5 Nxa5 15. exd5 Bf5 16. Rc1 Nc4 17. Bd4 Nd2+ 18. Ka1 Bxc2 19. Bxg7 Kxg7
20. Nc3 Bf5 21. Be2 h5 22. b3 Rc5 23. Rhd1 Rfc8 24. Kb2 Nb1 25. Nxb1 Rc2+
26. Ka3 Rxc1 0-1

[Event "World Blitz 2023"]
[Site "Samarkand UZB"]
[Date "2023.12.30"]
[Round "15.61"]
[White "Rojas Salas, Steven"]
[Black "Leiva, Gianmarco"]
[Result "1/2-1/2"]
[WhiteElo "2210"]
[BlackElo "2338"]
[EventDate "2023.12.29"]

1. e4 c6 2. d4 d5 3. exd5 cxd5 4. Bd3 Nf6 5. h3 g6 6. Nf3 Nc6 7. c3 Bf5 8.
O-O Bxd3 9. Qxd3 Bg7 10. Re1 O-O 11. Bf4 Ne4 12. Nbd2 Nd6 13. Ne5 Rc8 14.
h4 Nxe5 15. dxe5 Nc4 16. Nxc4 Rxc4 17. g3 e6 18. b3 Rc6 19. Rac1 Qc7 20. c4
dxc4 21. bxc4 Rd8 22. Qe4 h5 23. Bg5 Rc8 24. Bf6 b6 25. Red1 Rc5 26. Rd4
Bxf6 27. exf6 Rf5 28. Rcd1 Rxf6 29. Rd7 Qxc4 30. Qe5 Qc3 31. R1d4 Qc1+ 32.
Rd1 Qc3 33. R1d4 Qc1+ 34. Rd1 Qc3 35. R1d4 Qc1+ 36. Rd1 Qc3 37. R1d4 Qc1+
38. Rd1 Qc3 39. R1d4 Qa1+ 40. Kg2 1/2-1/2

[Event "World Blitz 2023"]
[Site "Samarkand UZB"]
[Date "2023.12.30"]
[Round "15.62"]
[White "Amilal, Munkhdalai"]
[Black "Chinguun, Sumiya"]
[Result "1/2-1/2"]
[WhiteElo "2293"]
[BlackElo "2200"]
[EventDate "2023.12.29"]

1. e4 c5 2. Nf3 Nc6 3. Bb5 g6 4. O-O Bg7 5. Bxc6 dxc6 6. h3 Nf6 7. d3 Nd7
8. Nc3 e5 9. Be3 b6 10. Qd2 Nf8 11. Bh6 Bxh6 12. Qxh6 1/2-1/2

[Event "World Blitz 2023"]
[Site "Samarkand UZB"]
[Date "2023.12.30"]
[Round "15.63"]
[White "Van Foreest, Lucas"]
[Black "Harutyunyan, Tigran K."]
[Result "1-0"]
[WhiteElo "2519"]
[BlackElo "2407"]
[EventDate "2023.12.29"]

1. e4 e5 2. Nf3 Nc6 3. Nc3 Nf6 4. a4 Bb4 5. Bd3 O-O 6. O-O Re8 7. Re1 a6 8.
Nd5 Bf8 9. c3 d6 10. Bc2 Nxd5 11. exd5 Ne7 12. d4 Nxd5 13. dxe5 dxe5 14.
Nxe5 c6 15. Bxh7+ Kxh7 16. Qh5+ Kg8 17. Qxf7+ Kh7 18. Qg6+ Kg8 19. Bg5 Be7
20. Qf7+ Kh7 21. Qh5+ Kg8 22. Nf7 Qd7 23. Nh6+ gxh6 24. Qg6+ Kh8 25. Qxh6+
Kg8 26. Qg6+ Kh8 27. Re4 Bxg5 28. Rxe8+ Qxe8 29. Qxe8+ Kg7 30. Re1 Nf6 31.
Re7+ Kh6 32. Qf8+ Kg6 33. Qf7+ Kf5 34. h3 b5 35. g4+ Kf4 36. Re3 Bd7 37.
Qe7 Nxg4 38. Qd6+ Kf5 39. hxg4+ 1-0

[Event "World Blitz 2023"]
[Site "Samarkand UZB"]
[Date "2023.12.30"]
[Round "15.64"]
[White "Mustafaev, Jamshid"]
[Black "Bryakin, Mikhail"]
[Result "1/2-1/2"]
[WhiteElo "2323"]
[BlackElo "2495"]
[EventDate "2023.12.29"]

1. e4 c5 2. Nf3 Nf6 3. d3 Nc6 4. g3 d5 5. exd5 Nxd5 6. Bg2 g6 7. O-O Bg7 8.
Nbd2 O-O 9. a4 e5 10. Re1 h6 11. Nc4 Re8 12. Nfd2 f5 13. Nf3 Ndb4 14. Be3
b6 15. c3 Nd5 16. Bc1 Bb7 17. a5 Rc8 18. axb6 axb6 19. Qb3 Kh7 20. Nfd2 Rb8
21. Nf1 Bc8 22. Bd2 Be6 23. Qb5 Qc7 24. Nfe3 Red8 25. Red1 Na7 26. Qa6 Nc6
27. Qb5 Nce7 28. Ra3 Bd7 29. Nxd5 Nxd5 30. Qb3 Bc6 31. Rda1 b5 32. Ne3 Nxe3
33. Bxc6 Qxc6 34. Bxe3 c4 35. dxc4 bxc4 36. Qc2 f4 37. Ra6 Qe8 38. Bc5 Rb7
39. Qe4 Rxb2 40. Ra7 Rd7 41. Ra8 Qf7 42. R8a7 Rbb7 43. R7a6 Qf5 44. Qxc4
Rbc7 45. R6a5 f3 46. Qf1 Qc2 47. Bb4 e4 48. Qb1 Qxb1+ 49. Rxb1 Bxc3 50.
Bxc3 Rxc3 51. Re5 Rc4 52. Re1 Kg7 53. h3 Rdd4 54. g4 Kf6 55. Re8 Kg5 56.
Kh2 Kf6 57. Kg3 g5 58. Re3 Ra4 59. Re1 Rdc4 60. Re3 Kf7 61. Re5 Rab4 62.
Re1 Kf6 63. Re8 Rd4 64. Re3 Rdc4 65. Re1 Kg6 66. Re3 h5 67. gxh5+ Kxh5 68.
Re6 Rd4 69. Re1 Ra4 70. Re3 Rdb4 71. Re1 Rc4 72. Re3 Rab4 73. Re1 Rd4 74.
Re3 Ra4 75. Re1 Rac4 76. Re3 Rb4 77. Re1 Rdc4 78. Re3 Ra4 79. Re1 Rcb4 80.
Re3 Rc4 81. Rb3 Rc1 1/2-1/2

[Event "World Blitz 2023"]
[Site "Samarkand UZB"]
[Date "2023.12.30"]
[Round "15.65"]
[White "Zilka, Stepan"]
[Black "Agmanov, Zhandos"]
[Result "1/2-1/2"]
[WhiteElo "2494"]
[BlackElo "2407"]
[EventDate "2023.12.29"]

1. e4 e6 2. d4 d5 3. Nc3 Nf6 4. Bg5 dxe4 5. Nxe4 Be7 6. Nxf6+ Bxf6 7. Bxf6
Qxf6 8. Nf3 O-O 9. Qd3 Bd7 10. Ne5 Bc6 11. O-O-O Qxf2 12. Kb1 f6 13. Nxc6
Nxc6 14. Qe4 Qf5 15. Qe1 e5 16. Bd3 Qf4 17. Rf1 Qh6 18. Rf3 g6 19. Rh3 Qg7
20. d5 Ne7 21. Bc4 Kh8 22. Qb4 b6 23. a4 Nf5 24. g4 Nd6 25. Be2 e4 26. a5
Rae8 27. a6 Re5 28. c4 e3 29. c5 bxc5 30. Qxc5 Ne4 31. Qxa7 Nd2+ 32. Kc2
Qe7 33. d6 Qe6 34. Qxc7 Qb3+ 35. Kc1 Rf7 36. Qc3 Qxc3+ 37. bxc3 Rd7 38.
Rxe3 Rxe3 39. Rxd2 Rxc3+ 40. Kb2 Rc6 41. Ka3 Kg7 42. Kb4 Rcxd6 43. Rxd6
Rxd6 44. a7 Rd4+ 45. Kb5 Rd8 46. Bf3 h5 47. h3 Kh6 48. a8=Q Rxa8 49. Bxa8
hxg4 50. hxg4 Kg5 51. Bf3 Kf4 52. Bd1 f5 53. gxf5 Ke5 1/2-1/2

[Event "World Blitz 2023"]
[Site "Samarkand UZB"]
[Date "2023.12.30"]
[Round "15.66"]
[White "Averin, Nikolay"]
[Black "Xiu, Deshun"]
[Result "1/2-1/2"]
[WhiteElo "2283"]
[BlackElo "2493"]
[EventDate "2023.12.29"]

1. e4 c5 2. Nf3 d6 3. d4 cxd4 4. Nxd4 Nf6 5. Nc3 a6 6. Be3 e5 7. Nb3 Be7 8.
f3 Be6 9. Qd2 O-O 10. O-O-O a5 11. Bb5 Na6 12. g4 Nc7 13. a4 Qb8 14. g5 Nh5
15. Kb1 Rc8 16. h4 Nxb5 17. Nxb5 Ra6 18. Rc1 Bd7 19. c4 Be6 20. Qd3 Nf4 21.
Bxf4 exf4 22. N3d4 Bd7 23. Nf5 Bf8 24. h5 Be6 25. Qd4 Rac6 26. b3 d5 27.
cxd5 Rxc1+ 28. Rxc1 Rxc1+ 29. Kxc1 Bxf5 30. exf5 Qc8+ 31. Kb2 Qxf5 32. d6
Qxg5 33. d7 Qd8 34. Qd5 Qf6+ 35. Ka2 Be7 36. Qxb7 g5 37. h6 Bd8 38. Qc8 g4
39. fxg4 f3 40. Qc1 f2 41. Qf1 Qf3 42. Nd4 Qe3 43. Nf5 Qe1 44. Qc4 f1=Q 45.
Qd4 Qff2+ 1/2-1/2

[Event "World Blitz 2023"]
[Site "Samarkand UZB"]
[Date "2023.12.30"]
[Round "15.67"]
[White "Chanda, Sandipan"]
[Black "Kuziev, Miraziz"]
[Result "1-0"]
[WhiteElo "2490"]
[BlackElo "2196"]
[EventDate "2023.12.29"]

1. d4 Nf6 2. c4 e6 3. Nc3 Bb4 4. e3 O-O 5. Bd2 d5 6. Nf3 b6 7. Rc1 c5 8. a3
Bxc3 9. Bxc3 Ne4 10. dxc5 bxc5 11. Bd3 Nxc3 12. Rxc3 Nd7 13. O-O Bb7 14.
cxd5 Bxd5 15. Bb1 Qb6 16. Qc2 g6 17. Nd2 Rab8 18. b3 e5 19. Kh1 Qa6 20. a4
f5 21. Nc4 Qb7 22. f3 Bxc4 23. Rxc4 Qxb3 24. Qxb3 Rxb3 25. Ba2 Rb2 26. Rc2+
Rxa2 27. Rxa2 Nb6 28. Rc1 Rc8 29. a5 Nd5 30. Rac2 Nxe3 31. Rxc5 Re8 32. Rc8
Kf8 33. Rxe8+ Kxe8 34. Rc7 a6 35. Ra7 Nc4 36. Rxa6 Kd7 37. Ra7+ Ke6 38. a6
e4 39. fxe4 fxe4 40. Kg1 e3 41. Kf1 Ke5 42. Ke2 Kd4 43. Rxh7 Nb6 44. a7 Kd5
1-0

[Event "World Blitz 2023"]
[Site "Samarkand UZB"]
[Date "2023.12.30"]
[Round "15.68"]
[White "Kazhgaleyev, Murtas"]
[Black "Wanyama, Harold"]
[Result "1-0"]
[WhiteElo "2488"]
[BlackElo "2228"]
[EventDate "2023.12.29"]

1. d4 d5 2. c4 e6 3. Nc3 Be7 4. Nf3 Nf6 5. Bg5 O-O 6. e3 c6 7. Bd3 dxc4 8.
Bxc4 b5 9. Bd3 a6 10. a4 b4 11. Bxf6 Bxf6 12. Ne4 Be7 13. O-O Nd7 14. Qc2
Bb7 15. Rfd1 Rc8 16. Nc5 Nxc5 17. dxc5 Qa5 18. Bxh7+ Kh8 19. Rd7 Rc7 20.
Rxc7 Qxc7 21. Be4 Rd8 22. Rc1 a5 23. Qc4 Bf6 24. Bb1 g6 25. Qe2 Kg7 26. h4
Rd7 27. g3 Bc8 28. Kg2 e5 29. h5 gxh5 30. Qc2 e4 31. Qxe4 Rd5 32. Qh7+ Kf8
33. Be4 Rd8 34. b3 Bg4 35. Nh2 Qd7 36. Nxg4 hxg4 37. Qh6+ Ke7 38. Qf4 Qe6
39. Rc4 Rd2 40. Bf5 Qe5 41. Re4 1-0

[Event "World Blitz 2023"]
[Site "Samarkand UZB"]
[Date "2023.12.30"]
[Round "15.69"]
[White "Vakhidov, Daler"]
[Black "Pranav, V"]
[Result "0-1"]
[WhiteElo "2110"]
[BlackElo "2562"]
[EventDate "2023.12.29"]

1. c4 e5 2. g3 Nf6 3. Bg2 c6 4. d4 e4 5. a3 d5 6. Nc3 h6 7. f3 exf3 8. Nxf3
dxc4 9. e4 Be7 10. a4 O-O 11. O-O Na6 12. Qe2 Be6 13. h3 Re8 14. Rd1 Nb4
15. Be3 Bf8 16. Ne5 Rc8 17. Nxc4 Bxc4 18. Qxc4 Nc2 19. Bf2 Nxa1 20. Rxa1 c5
21. d5 a6 22. Rf1 Nd7 23. Be3 Bd6 24. Ne2 Ne5 25. Qc1 b5 26. axb5 axb5 27.
Nf4 Nc4 28. Bf2 Be5 29. b3 Nd6 30. Kh2 c4 31. bxc4 Rxc4 32. Qb1 Bxf4 33.
gxf4 Nxe4 34. Qxb5 Nd6 35. Qb1 Rxf4 36. Qc1 Rf5 37. Bg3 Rxf1 38. Qxf1 Ne4
39. Bf4 Qxd5 40. Qf3 Qe6 0-1

[Event "World Blitz 2023"]
[Site "Samarkand UZB"]
[Date "2023.12.30"]
[Round "15.70"]
[White "Kuandykuly, Danis"]
[Black "Xu, Xiangyu"]
[Result "0-1"]
[WhiteElo "1718"]
[BlackElo "2491"]
[EventDate "2023.12.29"]

1. e4 c5 2. Nf3 d6 3. d4 cxd4 4. Nxd4 Nf6 5. Nc3 a6 6. Bg5 e6 7. f4 Qb6 8.
Nb3 Nbd7 9. Qf3 Qc7 10. O-O-O b5 11. Bd3 Bb7 12. Rhe1 Be7 13. g4 Rc8 14.
Kb1 Nb6 15. Qg3 b4 16. Ne2 Nxe4 17. Bxe4 Bxe4 18. Bxe7 Bxc2+ 19. Ka1 Bxd1
20. Rxd1 Qxe7 21. Qe3 Nd5 22. Qd4 O-O 23. Ng3 Qf6 24. Qg1 Qxf4 25. Nh5 Qe3
26. Qf1 a5 27. g5 a4 28. Nf6+ gxf6 29. gxf6 Kh8 30. Qg2 Rg8 0-1

[Event "World Blitz 2023"]
[Site "Samarkand UZB"]
[Date "2023.12.30"]
[Round "15.71"]
[White "Tissir, Mohamed"]
[Black "Sklokin, Sergey"]
[Result "1-0"]
[WhiteElo "2458"]
[BlackElo "1995"]
[EventDate "2023.12.29"]

1. e4 c6 2. d4 d5 3. Nc3 dxe4 4. Nxe4 Nf6 5. Ng3 g6 6. Nf3 Bg7 7. h3 O-O 8.
Bc4 a5 9. a4 b6 10. O-O Ba6 11. Qe2 Bxc4 12. Qxc4 Nbd7 13. Re1 Re8 14. Ne5
Nxe5 15. dxe5 Qd5 16. Qe2 Nd7 17. e6 Qxe6 18. Qxe6 fxe6 19. Rxe6 Rac8 20.
c3 Nc5 21. Re2 Nb3 22. Rb1 c5 23. Be3 Rcd8 24. Ne4 Rd5 25. Kf1 Red8 26. g4
Rd1+ 27. Rxd1 Rxd1+ 28. Re1 Rd7 29. Ke2 Be5 30. Rd1 Rb7 31. Rd5 Bg7 32. Kd1
Kf7 33. Ng5+ Ke8 34. Nxh7 e6 35. Rd6 Ke7 36. Bf4 e5 37. Rxg6 Kf7 38. Rc6
exf4 39. Ng5+ Ke7 40. Kc2 c4 41. Ne6 Be5 42. Ng5 Nc5 43. h4 Bf6 44. Nf3 Rd7
45. g5 Bh8 46. h5 Rd6 47. Rc7+ Kd8 48. Rh7 Nb3 49. Rxh8+ Ke7 50. Rh7+ Kf8
51. Nd4 Nxd4+ 52. cxd4 Rxd4 53. g6 Rd3 54. h6 Rh3 55. Rf7+ Kg8 56. h7+ Kh8
57. Rf8+ 1-0

[Event "World Blitz 2023"]
[Site "Samarkand UZB"]
[Date "2023.12.30"]
[Round "15.72"]
[White "Song, Raymond"]
[Black "Akhmedov, David"]
[Result "0-1"]
[WhiteElo "2383"]
[BlackElo "2154"]
[EventDate "2023.12.29"]

1. d4 Nf6 2. c4 e6 3. Nf3 d5 4. g3 Bb4+ 5. Bd2 a5 6. Bg2 O-O 7. Qc2 c6 8.
O-O Be7 9. Rd1 Nbd7 10. Bf4 b6 11. cxd5 cxd5 12. Ne5 Nxe5 13. dxe5 Nd7 14.
e4 d4 15. Rxd4 Bc5 16. Rd1 g5 17. Bc1 Qe7 18. Qd2 h6 19. h4 Nxe5 20. hxg5
Ng4 21. Rf1 Ba6 22. gxh6 Bxf1 23. Kxf1 Rad8 24. Qf4 Nxf2 25. Nc3 f5 26. e5
Nd3 27. Qg5+ Kh7 28. Qh5 Rg8 29. Bf4 Nxf4 30. gxf4 Qe8 31. Qf3 Rg4 32. Rd1
Rxd1+ 33. Nxd1 Qa4 34. Ke1 Qxf4 35. Qb7+ Kxh6 36. Qf7 Qxe5+ 37. Kd2 Rxg2+
38. Kc1 Qf4+ 39. Kb1 Qe4+ 40. Ka1 Qe5 41. a4 Rg1 42. Ka2 Qd5+ 43. b3 Qe5
44. Nb2 Rg2 0-1

[Event "World Blitz 2023"]
[Site "Samarkand UZB"]
[Date "2023.12.30"]
[Round "15.73"]
[White "Xue, Haowen"]
[Black "Oro, Faustino"]
[Result "1-0"]
[WhiteElo "2155"]
[BlackElo "2105"]
[EventDate "2023.12.29"]

1. c4 e5 2. Nc3 Nf6 3. Nf3 Nc6 4. a3 d5 5. cxd5 Nxd5 6. Qc2 Nxc3 7. dxc3
Bd6 8. e4 O-O 9. Bg5 Qe8 10. Bd3 f6 11. Be3 Be6 12. Nh4 Rd8 13. Nf5 b6 14.
O-O Ne7 15. Nxd6 cxd6 16. f3 f5 17. Kh1 Qh5 18. a4 d5 19. exd5 Nxd5 20.
Rae1 Rde8 21. Bg1 f4 22. Bb5 Re7 23. c4 Nf6 24. c5 Bd5 25. cxb6 axb6 26.
Bc4 Kh8 27. Bxd5 Nxd5 28. Qc4 Qf7 29. Re2 h6 30. Rd1 Rd8 31. Bxb6 Rdd7 32.
Bg1 Qe6 33. Red2 Rc7 34. Qxd5 Qg6 35. Qe4 Qa6 36. Rd8+ Re8 37. Rxe8# 1-0

[Event "World Blitz 2023"]
[Site "Samarkand UZB"]
[Date "2023.12.30"]
[Round "15.74"]
[White "Pichot, Alan"]
[Black "Yonal, Timur"]
[Result "1-0"]
[WhiteElo "2592"]
[BlackElo "1862"]
[EventDate "2023.12.29"]

1. Nf3 Nf6 2. c4 e6 3. b3 Be7 4. Bb2 O-O 5. e3 d5 6. Be2 c5 7. O-O Nc6 8.
cxd5 exd5 9. d4 Ne4 10. dxc5 Bxc5 11. Nc3 Be6 12. Rc1 Bb6 13. Nb5 Rc8 14.
Nbd4 Qd6 15. a3 Rfd8 16. b4 a6 17. Nxc6 Rxc6 18. Rxc6 Qxc6 19. Nd4 Qd6 20.
Nxe6 fxe6 21. Bg4 Bc7 22. g3 Bb8 23. Bh3 Qe7 24. Qg4 e5 25. Rd1 Nf6 26.
Qe6+ Qxe6 27. Bxe6+ Kf8 28. f4 Ke7 29. Bf5 exf4 30. exf4 g6 31. Re1+ Kf7
32. Be6+ Kg7 33. Bxd5 Rxd5 34. Re7+ Kf8 35. Bxf6 Rd6 36. Rxb7 Rxf6 37.
Rxb8+ Kg7 38. Rb7+ Kg8 39. Kg2 Rd6 40. a4 Rd2+ 41. Kh3 Ra2 42. a5 Ra4 43.
Kg4 h6 44. h4 Ra3 45. Rb6 1-0

[Event "World Blitz 2023"]
[Site "Samarkand UZB"]
[Date "2023.12.30"]
[Round "15.75"]
[White "Ilkhomi, Jaloliddin"]
[Black "Turayev, Shahruh"]
[Result "0-1"]
[WhiteElo "2054"]
[BlackElo "2168"]
[EventDate "2023.12.29"]

1. d4 d5 2. Bf4 Nf6 3. e3 c5 4. c3 Nc6 5. Nd2 g6 6. Ngf3 Qb6 7. Qb3 c4 8.
Qc2 Bf5 9. Qc1 Bg7 10. h3 O-O 11. Be2 Nd7 12. O-O e5 13. dxe5 Ndxe5 14.
Nxe5 Nxe5 15. Bxe5 Bxe5 16. Nf3 Bg7 17. Nd4 Bd7 18. Bf3 Qc5 19. Qd2 Rfd8
20. Rfd1 b5 21. b4 cxb3 22. Nxb3 Qxc3 23. Qxd5 Be6 24. Qxb5 Rab8 25. Qe2 a5
26. Rxd8+ Rxd8 27. Rc1 Qb4 28. Na1 Rd2 29. Qe1 Rxa2 30. Qd1 Qb2 31. Qd8+
Bf8 32. Rf1 Rxa1 33. Rxa1 Qxa1+ 34. Kh2 a4 35. Qa8 a3 36. Be4 Qe5+ 37. f4
Qb2 38. f5 gxf5 39. Bd3 a2 0-1